La diplomacia española en las relaciones con Holanda durante el reinado de Carlos II (1665-1700) / (Record no. 13775)

MARC details
000 -LEADER
campo de control de longitud fija 01437nam a2200325 i 4500
001 - NÚMERO DE CONTROL
campo de control 13775
003 - IDENTIFICADOR DE NÚMERO DE CONTROL
campo de control ES-MaACL
005 - FECHA Y HORA DE LA ÚLTIMA TRANSACCIÓN
campo de control 20250801063016.0
007 - CAMPO FIJO DE DESCRIPCIÓN FÍSICA--INFORMACIÓN GENERAL
campo de control de longitud fija t|
008 - DATOS DE LONGITUD FIJA--INFORMACIÓN GENERAL
campo de control de longitud fija 921020e1990 sp |||| | spa d
017 ## - NÚMERO DE COPYRIGHT O DE DEPÓSITO LEGAL
Número de copyright o de depósito legal M 8199-1990
Agencia que asigna Oficina Depósito Legal Madrid
020 ## - NÚMERO INTERNACIONAL ESTÁNDAR DEL LIBRO
Número Internacional Estándar del Libro 84-85290-79-8
024 7# - IDENTIFICADOR DE OTROS ESTÁNDARES
Número estándar o código 026-89-018-5
Fuente del número o código nipo
080 ## - NÚMERO DE LA CLASIFICACIÓN DECIMAL UNIVERSAL
Número de la Clasificación Decimal Universal 327(460:492.6)"1665/1700"
100 1# - ENTRADA PRINCIPAL--NOMBRE DE PERSONA
Nombre de persona Salinas, David
Término indicativo de función/relación Autor
9 (RLIN) 101930
245 13 - MENCIÓN DEL TÍTULO
Título La diplomacia española en las relaciones con Holanda durante el reinado de Carlos II (1665-1700) /
Mención de responsabilidad, etc. David Salinas ; prólogo de Miguel Ángel Ochoa Brun
260 ## - PUBLICACIÓN, DISTRIBUCIÓN, ETC.
Lugar de publicación, distribución, etc. [Madrid] :
Nombre del editor, distribuidor, etc. Dirección General de Relaciones Culturales y Científicas,
Fecha de publicación, distribución, etc. [1990]
300 ## - DESCRIPCIÓN FÍSICA
Extensión 135 páginas ;
Dimensiones 23 cm
490 1# - MENCIÓN DE SERIE
Mención de serie Biblioteca diplomática española.
Nombre de parte o sección de la obra Estudios (Dirección General de Relaciones Culturales y Científicas) ;
Designación de volumen o secuencia 4
504 ## - NOTA DE BIBLIOGRAFÍA, ETC.
Nota de bibliografía, etc. Bibliografía: páginas 127-134
651 #4 - PUNTO DE ACCESO ADICIONAL DE MATERIA--NOMBRE GEOGRÁFICO
Nombre geográfico España-
Subdivisión general Relaciones-
Subdivisión geográfica Países Bajos
9 (RLIN) 8474
651 #4 - PUNTO DE ACCESO ADICIONAL DE MATERIA--NOMBRE GEOGRÁFICO
Nombre geográfico España-
Subdivisión general Historia-
Subdivisión cronológica 1665-1700, Carlos II
9 (RLIN) 8236
700 1# - ENTRADA AGREGADA--NOMBRE PERSONAL
Nombre de persona Ochoa Brun, Miguel Ángel
Término indicativo de función/relación Autor de introducción
9 (RLIN) 157089
710 1# - ENTRADA AGREGADA--NOMBRE DE ENTIDAD CORPORATIVA
Nombre de entidad corporativa o nombre de jurisdicción como elemento de entrada España.
Unidad subordinada Dirección General de Relaciones Culturales
Término indicativo de función/relación Editor
9 (RLIN) 3782
830 00 - PUNTO DE ACCESO ADICIONAL DE SERIE-TÍTULO UNIFORME
Título uniforme Biblioteca diplomática española.
Nombre de parte o sección de la obra Estudios (Dirección General de Relaciones Culturales y Científicas) ;
Designación de volumen o secuencia 4
9 (RLIN) 241467
852 ## - LOCALIZACIÓN
Ubicación ES-MaACL
Ubicación en estantería Depósito 2
Número de control de estantería L-21081
942 ## - ELEMENTOS DE ENTRADA SECUNDARIOS (KOHA)
Fuente del sistema de clasificación o colocación Clasificación decimal universal
Tipo de ítem Koha Libro impreso
Suprimir en OPAC No
Holdings
Estatus retirado Estado de pérdida Estado de daño No para préstamo Biblioteca de origen Biblioteca actual Ubicación en estantería Fecha de adquisición Fuente de adquisición Total de préstamos Signatura topográfica completa Código de barras Visto por última vez Precio de reemplazo Tipo de ítem Koha
        Biblioteca del Ateneo de Madrid Biblioteca del Ateneo de Madrid Depósito 2 17/01/2008     L-21081 1014019 23/02/2023 23/02/2023 Libro impreso